Tenaga makanan (Record no. 23436)

MARC details
000 -LEADER
fixed length control field 00793nam a2200289 i 4500
001 - CONTROL NUMBER
control field C2-0101623
003 - CONTROL NUMBER IDENTIFIER
control field PPAK
005 - DATE AND TIME OF LATEST TRANSACTION
control field 20180727095817.0
008 - FIXED-LENGTH DATA ELEMENTS--GENERAL INFORMATION
fixed length control field 970528s1995 my a|||| ||||| | may d
020 ## - INTERNATIONAL STANDARD BOOK NUMBER
International Standard Book Number 9679026078
040 ## - CATALOGING SOURCE
Original cataloging agency PPAK
Language of cataloging eng
Transcribing agency PPAK
Description conventions rda
082 04 - DEWEY DECIMAL CLASSIFICATION NUMBER
Classification number 507.8
Edition number 23
090 00 - LOCALLY ASSIGNED LC-TYPE CALL NUMBER (OCLC); LOCAL CALL NUMBER (RLIN)
Classification number (OCLC) (R) ; Classification number, CALL (RLIN) (NR) 507.8
Feature heading MEL
Feature heading RK
100 1# - MAIN ENTRY--PERSONAL NAME
Personal name Mellett, Peter,
Relator term author
245 10 - TITLE STATEMENT
Title Tenaga makanan
250 ## - EDITION STATEMENT
Edition statement Poole, Hazel
264 #1 - PRODUCTION, PUBLICATION, DISTRIBUTION, MANUFACTURE, AND COPYRIGHT NOTICE
Place of production, publication, distribution, manufacture Kuala Lumpur :
Name of producer, publisher, distributor, manufacturer Pustaka Sistem Pelajaran ,
Date of production, publication, distribution, manufacture, or copyright notice 1995
300 ## - PHYSICAL DESCRIPTION
Extent 32 pages :
Other physical details colour illustrations ;
Dimensions 26 cm
336 ## - CONTENT TYPE
Source rdacontent
Content type term text
337 ## - MEDIA TYPE
Source rdamedia
Media type term unmediated
338 ## - CARRIER TYPE
Source rdacarrier
Carrier type term volume
490 1# - SERIES STATEMENT
Series statement Sains menerusi makanan
650 10 - SUBJECT ADDED ENTRY--TOPICAL TERM
Topical term or geographic name entry element Science - Experiments.
700 ## - ADDED ENTRY--PERSONAL NAME
Relator term author
830 #0 - SERIES ADDED ENTRY--UNIFORM TITLE
Uniform title Sains menerusi makanan
942 ## - ADDED ENTRY ELEMENTS (KOHA)
-- dc
Koha item type Book
Holdings
Withdrawn Not for loan Current library Shelving location Date acquired Full call number Barcode Date last seen Koha item type
  Not For Loan Perpustakaan Alor Setar Rujukan Kanak-kanak 28/05/1997 RK 507.8 MEL A00007540 08/05/2018 Book
  Not For Loan Perpustakaan Awam Sungai Petani Rujukan Kanak-kanak 28/05/1997 RK 507.8 MEL A00007541 08/05/2018 Book
  Not For Loan Perpustakaan Jitra Rujukan Kanak-kanak 28/05/1997 RK 507.8 MEL A00007542 08/05/2018 Book
  Not For Loan Perpustakaan Kulim Rujukan Kanak-kanak 28/05/1997 RK 507.8 MEL A00007544 08/05/2018 Book
  Not For Loan Perpustakaan Yan Rujukan Kanak-kanak 28/05/1997 RK 507.8 MEL A00007545 08/05/2018 Book